• 首页
  • 本馆介绍
  • 公告通知
  • 最新文献
  • 馆藏检索
  • 电子资源
  • 读者导购
  • 参考咨询
  • 我的图书馆
  • 登录
  • 详细信息显示
  • 放入我的书架
  • 预约/预借图书
  • 作者相关作品
  • 分类相关作品
  • 丛书相关作品
  • 出版社相关作品

书目信息

  • 表格格式
  • 工作单格式
  • 卡片格式
题名:
马克思劳资关系理论及其在当代中国的发展
    
 
作者: 钱昌照 著
分册:  
出版信息: 北京   中国社会出版社  2013
页数: 206页
开本: 24cm
丛书名:
单 册:
中图分类: A81 , F249.26
科图分类:
主题词: 马克思主义理论--理论研究 , 劳资关系--研究--中国 , 马克思主义理论 , 劳资关系
电子资源:
ISBN: 978-7-5087-4321-9
000 01124nam0 22002771 450
001 523
005 20140904155441.71
010    @a978-7-5087-4321-9@dCNY30.00
100    @a20131024d2013 em y0chiy50 ea
101 0  @achi@deng
102    @aCN@b110000
105    @ay z 000yy
106    @ar
200 1  @a马克思劳资关系理论及其在当代中国的发展@AMa Ke Si Lao Zi Guan Xi Li Lun Ji Qi Zai Dang Dai Zhong Guo De Fa Zhan@f钱昌照著@FQian Chang Zhao Zhu
210    @a北京@c中国社会出版社@d2013
215    @a206页@d24cm
330    @a本书共六章,包括:马克思劳资关系理论的创立及其评价,列宁、斯大林对马克思劳资关系理论的运用与发展,中国改革开放前党对马克思主义劳资关系理论的运用和发展,中国改革开放以来党对马克思主义劳资关系理论的运用与发展,中国现阶段企业劳资关系的变迁、问题及其成因,坚持科学劳资关系理论构建企业和谐劳资关系。
606 0  @a马克思主义理论@x理论研究
606 0  @a劳资关系@x研究@y中国
606 0  @a马克思主义理论
606 0  @a劳资关系
690    @aA81@v5
690    @aF249.26@v5
701  0 @a钱昌照@AQian Chang Zhao@f(1977~)@4著
801  0 @aCN@bTANGWEI@c20140603
905    @b0836946-48@dA81@e239@f3
    
    马克思劳资关系理论及其在当代中国的发展/钱昌照著.-北京:中国社会出版社,2013
    206页;24cm
    
    
    ISBN 978-7-5087-4321-9:CNY30.00
    本书共六章,包括:马克思劳资关系理论的创立及其评价,列宁、斯大林对马克思劳资关系理论的运用与发展,中国改革开放前党对马克思主义劳资关系理论的运用和发展,中国改革开放以来党对马克思主义劳资关系理论的运用与发展,中国现阶段企业劳资关系的变迁、问题及其成因,坚持科学劳资关系理论构建企业和谐劳资关系。
●
相关链接 在E读中查询图书 在五车中查询图书 在当当中查询图书 在豆瓣中查询图书


正题名:马克思劳资关系理论及其在当代中国的发展     索取号:A81/239         预约/预借

序号 登录号 条形码 馆藏地/架位号 状态 备注
1 0836946   208369460   第一样本阅览室/ [索取号:A81/239] 在馆    
2 0836947   208369479   第一借阅区/ [索取号:A81/239] 在馆    
3 0836948   208369488   第一借阅区/ [索取号:A81/239] 在馆    
唐山师范学院图书馆 欢迎您!
大连网信软件有限公司© 版权所有